00633nam a22002177a 4500010002300000020002600023035001700049035001400066035001300080037001700093037001300110082001200123100001600135245008600151250001200237260005000249270005200299300003000351500001900381700001500400 a1617EN ENG-116950 a9780198073802c650.00 aB-651460-469 aEN-100482 aB-666234 adplbPragati bDBAD/PUB a621.382 aLathi, B.P. aModern Digital and Analog Communication Systems /cby B.P. Lathi [and] Zhi Ding  a4th ed. aNew DelhibOxford University Pressc2016(rpt) aYMCA Building Jai Singh RoadbNew Delhie110001 axxi, 903 p.c26cmbillus. aIncludes index aDing ,Zhi